La inviolabilidad del domicilio en el derecho espaǫl

Bibliographic Details
Main Author: Pascual Lp̤ez, Silvia
Format: Unknown
Language:Spanish
Published: Madrid : Dykinson, 2001
Subjects:
Online Access:Acceso restringido

MARC

LEADER 00000ny a22000003n 4500
005 20110530133956.0
008 020531s2001 sp s 000 0 spa c
017 |a D.L. SE.2962-2001 
020 |a 8481558044 
035 |a 188 
040 |a UMA.DER  |d vLex 
040 |a UMA.RE  |d vlex 
080 |a 342.737(460) 
090 |c 358  |d 358 
100 1 |a Pascual Lp̤ez, Silvia 
245 1 3 |a La inviolabilidad del domicilio en el derecho espaǫl  |h [Recurso electrn̤ico]  |c Silvia Pascual Lp̤ez 
256 |a Servicio en ln̕ea 
260 |a Madrid :  |b Dykinson,  |c 2001 
300 |a 193 p. ;  |c 25 cm 
506 1 |a Contenido solo disponible en los productos indicados  |d vLex Global  |d vLex Global (Academic Edition, excluding Law Schools)  |d vLex Global (U.S. Academic Edition, Law Schools)  |d vLex Global (U.S. Academic Edition, excluding Law Schools)  |d vLex Global (Academic Edition, Law Schools) 
650 0 7 |a Civil  |2 Tesauro vLex 
650 0 7 |a Constitucional  |2 Tesauro vLex 
650 0 7 |a Inviolabilidad del domicilio  |2 Tesauro vLex 
650 0 7 |a Derechos fundamentales  |2 Tesauro vLex 
650 0 7 |a Domicilio  |2 Tesauro vLex 
740 0 |a vLex Libros (Servicios en ln̕ea) 
856 4 0 |u http://vlex.com/source/188  |z Acceso restringido 
942 |c BOOK 
999 0 |a Civil Law  |b Madrid